Histoire du drapeau de Singapour - Statistiques

Statistiques générales
  • Ce quiz a été pris 35 fois
  • Le résultat moyen est 4 sur 8
Statistiques - réponses
Hint Réponse % Correct
Occupation japonaise pendant la seconde guerre mondiale (1942-1945)
83%
État de Singapour au sein de la Malaisie (1962-1965)
74%
Sultanat de Johor (1528-1824)
70%
Cinquième drapeau de l'établissement des détroits (1959-1962) et Singapour (drapeau actuel depuis 1965)
61%
Quatrième drapeau de l'établissement des détroits (1946-1959)
57%
Troisième drapeau de l'établissement des détroits (1925-1942 et 1945-1946)
52%
Premier drapeau de l'établissement des détroits (1824-1874)
26%
Deuxième drapeau de l'établissement des détroits (1874-1925)
17%
Aucun quiz correspondant
Distribution des résultats
% des personnes avec chaque résultat
Percentile par nombre de réponses
Votre historique - résultats
Vous n’avez pas pris ce quiz